V Bratislave posvätili pamätník záchrancovi Židov

Bibliographic Details
Format: Article
Language:Slovak
PhysicalDescription:Fotogr.
ISSN:1336-6297
Subjects:
Online Access:http://www.upn.gov.sk/data/publikacie/pamat-naroda/pamat-naroda-01-2007.pdf

MARC

LEADER 00000nab a2200000 a 4500
001 vtls008992186
003 SK-MaSNL
005 20260426083521.0
008 250505c2007 xo |||| | | ||00 b|slo
015 |a SNBRB2007/01  |2 snkbucl 
035 |a (uuid)c53f2549-2002-4b52-8c72-e125a0052c2a 
035 |a urn:nbn:sk:snk-ab108b 
035 |a (urnnbn)urn:nbn:sk:snk:ar-004n9x 
038 |a SNKBUCL 
040 |a SNKBUCL  |b slo  |c SNKBUCL  |e AACR2 
041 0 |a slo 
044 |a xo  |c SK 
080 |a 94(485)-051  |x "19"  |2 1997 
080 |a 341.71  |2 1997 
080 |a 061.75  |2 1997 
245 0 0 |a V Bratislave posvätili pamätník záchrancovi Židov 
300 |b Fotogr. 
600 1 7 |a Wallenberger, Raoul  |2 snkbucl  |9 1452099 
650 0 7 |a pamätníky  |2 snkbucl  |9 25601 
651 7 |a Bratislava (Slovensko)  |2 snkbucl  |9 14568 
773 0 |t Pamäť národa  |g Č. 1 (2007), s. 99  |x 1336-6297 
850 |a Slovenská národná knižnica 
852 |a Slovenská národná knižnica 
856 4 1 |u http://www.upn.gov.sk/data/publikacie/pamat-naroda/pamat-naroda-01-2007.pdf 
958 |a article27 
958 |a OND 
958 |a SE 
999 |c 2906367  |d 2908297